Running my life: the autobiography (Record no. 56797)

MARC details
000 -LEADER
fixed length control field 00582nam a2200157 a 4500
008 - FIXED-LENGTH DATA ELEMENTS--GENERAL INFORMATION
fixed length control field 150615s2012 ||||||||||||||||| || u
020 ## - INTERNATIONAL STANDARD BOOK NUMBER
International Standard Book Number 9781444732528
050 ## - LIBRARY OF CONGRESS CALL NUMBER
Classification number GV 721.5 Coe
110 ## - MAIN ENTRY--CORPORATE NAME
Corporate name or jurisdiction name as entry element Coe, Sebastian
245 10 - TITLE STATEMENT
Title Running my life: the autobiography
Statement of responsibility, etc. by Sebastian Coe
260 ## - PUBLICATION, DISTRIBUTION, ETC.
Place of publication, distribution, etc. London
Name of publisher, distributor, etc. Hodder and Stoughton
Date of publication, distribution, etc. 2012
300 ## - PHYSICAL DESCRIPTION
Extent x, 281p.: ill.
350 ## - PRICE (NR) (BK AM CF MU VM SE) [OBSOLETE]
Price 32.95
650 ## - SUBJECT ADDED ENTRY--TOPICAL TERM
Topical term or geographic name entry element OLYMPICS -- AUTOBIOGRAPHY
995 ## - RECOMMENDATION 995 [LOCAL, UNIMARC FRANCE]
-- CBU-MAIN LIBRARY (Kitwe)
-- 32.95
-- 1
-- AVAILABLE
-- Nov 17, 2015
-- Main Library Open Access Collection
Holdings
Withdrawn status Lost status Source of classification or shelving scheme Damaged status Not for loan Home library Current library Shelving location Date acquired Total Checkouts Full call number Barcode Date last seen Price effective from Koha item type
          CBU-MAIN LIBRARY, KITWE. CBU-MAIN LIBRARY, KITWE.   11/30/2022   GV 721.5 Coe 745611 11/30/2022 11/30/2022 MONOGRAPH